| 000 | 00440nam a2200181Ia 4500 | ||
|---|---|---|---|
| 001 | 16724 | ||
| 005 | 20260306170331.0 | ||
| 008 | 260306t2024||||xx |||||||||||||| ||und|| | ||
| 041 | _aESP | ||
| 082 |
_a349.7 _bW74 |
||
| 100 |
_aWitte, John, _eAUT |
||
| 245 | 4 | _aThe Oxford handbook of Christianity and law | |
| 260 | _c2024 | ||
| 300 |
_axviii, 899 páginas : _c25 cm. |
||
| 650 | _aGEN | ||
| 654 | _aCDE | ||
| 942 |
_cLIB _dJUS _fJUS _2ddc _n |
||
| 999 |
_c16724 _d16724 |
||